[Event "Martigny op"]
[Site "Martigny"]
[Date "2005.07.31"]
[Round "4"]
[White "Perruchoud, Pierre"]
[Black "Roschina, Tatiana"]
[Result "1/2-1/2"]
[WhiteElo "2175"]
[BlackElo "2283"]
[PlyCount "86"]
[EventDate "2005.07.29"]
[EventType "swiss"]
[EventRounds "7"]
[EventCountry "SUI"]
[SourceTitle "CBM 107 Extra"]
[Source "ChessBase"]
[SourceDate "2005.09.01"]
[SourceVersion "1"]
[SourceVersionDate "2005.09.01"]
[SourceQuality "1"]

1. d4 d5 2. Nf3 c5 3. e3 Nf6 4. Be2 Nc6 5. 0-0 e6 6. b3 cxd4 7. exd4 Bb4 8. c3 Bd6 9. Bg5 0-0 10. c4 dxc4 11. bxc4 Be7 12. h3 b6 13. Be3 Bb7 14. Nbd2 Qc7 15. Rc1 Rfd8 16. Qb3 Na5 17. Qb2 Qc6 18. Ne1 Rac8 19. Bf3 Qd7 20. Bxb7 Qxb7 21. Nef3 Ne4 22. Nxe4 Qxe4 23. c5 bxc5 24. dxc5 Nc4 25. Qb4 Nd6 26. Qxe4 Nxe4 27. c6 Rc7 28. Rc4 Nd6 29. Ra4 Rxc6 30. Rxa7 Bf6 31. Rb1 h6 32. Bf4 Nc4 33. Rc1 e5 34. Be3 Rdc8 35. Kh2 e4 36. Nd4 Be5+ 37. g3 Bxd4 38. Bxd4 Nd2 39. Rxc6 Nf3+ 40. Kg2 Rxc6 41. Be3 Rd6 42. Rc7 Ra6 43. Rc4 Rxa2 1/2-1/2

[Event "Martigny op"]
[Site "Martigny"]
[Date "2005.07.30"]
[Round "3"]
[White "Roschina, Tatiana"]
[Black "Walther, Yann"]
[Result "0-1"]
[WhiteElo "2283"]
[BlackElo "2127"]
[PlyCount "74"]
[EventDate "2005.07.29"]
[EventType "swiss"]
[EventRounds "7"]
[EventCountry "SUI"]
[SourceTitle "CBM 107 Extra"]
[Source "ChessBase"]
[SourceDate "2005.09.01"]
[SourceVersion "1"]
[SourceVersionDate "2005.09.01"]
[SourceQuality "1"]

1. e4 c5 2. Nf3 d6 3. d4 cxd4 4. Nxd4 Nf6 5. Nc3 a6 6. g3 e5 7. Nde2 Be6 8. Bg2 Nbd7 9. h3 b5 10. g4 b4 11. Nd5 Bxd5 12. exd5 Nc5 13. Ng3 g6 14. 0-0 Bg7 15. Bg5 0-0 16. Qd2 Re8 17. Qxb4 Rb8 18. Qa3 Qb6 19. Rab1 a5 20. Qe3 e4 21. c4 Nfd7 22. b3 Qb4 23. Bf4 Qb6 24. Bh6 Bh8 25. Rfe1 Qb4 26. Nxe4 Nxe4 27. Bxe4 Nc5 28. Qf3 Qa3 29. Re2 a4 30. Bc1 Qb4 31. a3 Qc3 32. Re3 Qf6 33. Qg2 axb3 34. Bb2 Qf4 35. Bxh8 Kxh8 36. Rbe1 Nxe4 37. f3 b2 0-1

[Event "SUI-ch (Women) 103rd"]
[Site "Silvaplana"]
[Date "2003.07.18"]
[Round "9"]
[White "Wilson, Alexandra"]
[Black "Roschina, Tatiana"]
[Result "0-1"]
[WhiteElo "2015"]
[BlackElo "2273"]
[PlyCount "68"]
[EventDate "2003.07.10"]
[EventType "tourn"]
[EventRounds "9"]
[EventCountry "SUI"]
[SourceTitle "CBM 095 Extra"]
[Source "ChessBase"]
[SourceDate "2003.09.04"]
[SourceVersion "1"]
[SourceVersionDate "2003.09.04"]
[SourceQuality "1"]

1. e4 c5 2. Nf3 Nf6 3. e5 Nd5 4. c3 Nc6 5. d4 cxd4 6. cxd4 d6 7. Bc4 Nb6 8. Bb5 dxe5 9. Nxe5 Bd7 10. Bxc6 Bxc6 11. Nxc6 bxc6 12. 0-0 g6 13. Re1 Bg7 14. Bg5 0-0 15. Bxe7 Qxd4 16. Nc3 Rfe8 17. Qf3 Qd7 18. Bg5 h6 19. Be3 Nc4 20. Rad1 Qe6 21. Re2 Ne5 22. Qg3 Qc4 23. Bxh6 Bxh6 24. Rxe5 Red8 25. Qf3 Bg7 26. Re4 Qc5 27. Ree1 Qb4 28. Ne4 Qxb2 29. Nd6 Qxa2 30. Qxc6 a5 31. Qc7 Rf8 32. Re7 Bd4 33. Rf1 Rab8 34. Nxf7 Qxf2+ 0-1

[Event "SUI-ch (Women) 103rd"]
[Site "Silvaplana"]
[Date "2003.07.16"]
[Round "7"]
[White "Seps, Monika"]
[Black "Roschina, Tatiana"]
[Result "0-1"]
[WhiteElo "2079"]
[BlackElo "2273"]
[PlyCount "51"]
[EventDate "2003.07.10"]
[EventType "tourn"]
[EventRounds "9"]
[EventCountry "SUI"]
[SourceTitle "CBM 095 Extra"]
[Source "ChessBase"]
[SourceDate "2003.09.04"]
[SourceVersion "1"]
[SourceVersionDate "2003.09.04"]
[SourceQuality "1"]

1. e4 c5 2. Nf3 d6 3. d4 cxd4 4. Nxd4 Nf6 5. Nc3 a6 6. Bg5 Nbd7 7. f4 Qc7 8. Qf3 b5 9. 0-0-0 Bb7 10. Bd3 g6 11. h3 Bg7 12. Qe3 0-0 13. g4 b4 14. Nce2 e5 15. Nf3 exf4 16. Qxf4 Rfe8 17. Ng3 Rac8 18. Rh2 Nc5 19. Bxf6 Ne6 20. Qd2 Bxf6 21. Rg1 d5 22. e5 Bxe5 23. Nxe5 Qxe5 24. Nf5 Nf4 25. Nh6+ Kg7 26. g5 0-1

[Event "SUI-ch (Women) 103rd"]
[Site "Silvaplana"]
[Date "2003.07.15"]
[Round "6"]
[White "Roschina, Tatiana"]
[Black "Heinatz, Gundula"]
[Result "1/2-1/2"]
[WhiteElo "2273"]
[BlackElo "2237"]
[PlyCount "94"]
[EventDate "2003.07.10"]
[EventType "tourn"]
[EventRounds "9"]
[EventCountry "SUI"]
[SourceTitle "CBM 095 Extra"]
[Source "ChessBase"]
[SourceDate "2003.09.04"]
[SourceVersion "1"]
[SourceVersionDate "2003.09.04"]
[SourceQuality "1"]

1. e4 c5 2. Nf3 Nc6 3. d4 cxd4 4. Nxd4 g6 5. c4 Nf6 6. Nc3 Nxd4 7. Qxd4 d6 8. Bg5 Bg7 9. Qd2 0-0 10. Bd3 Qa5 11. 0-0 Re8 12. a3 Be6 13. b4 Qe5 14. Bf4 Qh5 15. Ne2 h6 16. Bg3 g5 17. f4 a5 18. f5 Bd7 19. bxa5 Bc6 20. Nc3 Nd7 21. Ra2 Bd4+ 22. Kh1 Be5 23. Be2 g4 24. Bxe5 Nxe5 25. f6 Qg5 26. fxe7 Qxd2 27. Rxd2 Rxe7 28. Rxd6 Re6 29. Rxe6 fxe6 30. Rf6 Rxa5 31. Rxe6 Kf7 32. Rxh6 Rxa3 33. Nd1 Bxe4 34. Rd6 Ra2 35. Nc3 Rc2 36. Nxe4 Rxe2 37. Ng5+ Kg7 38. Kg1 Nxc4 39. Rd4 Ne5 40. Ne4 Kg6 41. Rd6+ Kg7 42. Nd2 b5 43. Kf1 Re3 44. Kf2 Ra3 45. Rb6 Ra2 46. Rxb5 Rxd2+ 47. Ke1 Rxg2 1/2-1/2

[Event "Solin g/60' 10th"]
[Site "Solin/Spilt"]
[Date "2002.12.18"]
[Round "14"]
[White "Dizdarevic, Emir"]
[Black "Roschina, Tatiana"]
[Result "1/2-1/2"]
[WhiteElo "2520"]
[BlackElo "2265"]
[PlyCount "25"]
[EventDate "2002.12.07"]
[EventType "tourn (rapid)"]
[EventRounds "18"]
[EventCountry "CRO"]
[EventCategory "11"]
[SourceTitle "CBM 093"]
[Source "ChessBase"]
[SourceDate "2003.04.01"]
[SourceVersion "1"]
[SourceVersionDate "2003.04.01"]
[SourceQuality "1"]

1. d4 d5 2. c4 dxc4 3. e3 Nf6 4. Bxc4 e6 5. Nf3 c5 6. 0-0 a6 7. dxc5 Qxd1 8. Rxd1 Bxc5 9. b3 Nbd7 10. Bb2 b6 11. Nbd2 Bb7 12. Be2 0-0 13. Rac1 1/2-1/2

[Event "Solin g/60' 10th"]
[Site "Solin/Spilt"]
[Date "2002.12.14"]
[Round "5"]
[White "Roschina, Tatiana"]
[Black "Dizdarevic, Emir"]
[Result "1-0"]
[WhiteElo "2265"]
[BlackElo "2520"]
[PlyCount "81"]
[EventDate "2002.12.07"]
[EventType "tourn (rapid)"]
[EventRounds "18"]
[EventCountry "CRO"]
[EventCategory "11"]
[SourceTitle "CBM 093"]
[Source "ChessBase"]
[SourceDate "2003.04.01"]
[SourceVersion "1"]
[SourceVersionDate "2003.04.01"]
[SourceQuality "1"]

1. e4 d6 2. d4 Nf6 3. Nc3 e5 4. Nf3 Nbd7 5. Bc4 Be7 6. 0-0 0-0 7. a4 c6 8. h3 Qc7 9. a5 exd4 10. Nxd4 Re8 11. Re1 Ne5 12. Bb3 Nfd7 13. Be3 Nc5 14. Ba2 Bf8 15. b4 Ne6 16. Nde2 g6 17. Qd2 Ng7 18. f4 Nd7 19. Nd4 Nf6 20. Bf2 d5 21. exd5 Rxe1+ 22. Bxe1 Bxb4 23. Ncb5 Bxd2 24. Nxc7 Be3+ 25. Bf2 Bxf2+ 26. Kxf2 Rb8 27. dxc6 bxc6 28. Nxc6 Rb7 29. Nd5 Nxd5 30. Bxd5 Rc7 31. c4 Bb7 32. Ne5 Bxd5 33. cxd5 Rc2+ 34. Kf3 Rd2 35. Nc6 Nf5 36. g4 Nd6 37. a6 Rd3+ 38. Ke2 Rxh3 39. Nxa7 Ne4 40. Nb5 Rh2+ 41. Kf3 1-0

[Event "Solin g/60' 10th"]
[Site "Solin/Spilt"]
[Date "2002.12.12"]
[Round "2"]
[White "Cvitan, Ognjen"]
[Black "Roschina, Tatiana"]
[Result "1-0"]
[WhiteElo "2562"]
[BlackElo "2265"]
[PlyCount "107"]
[EventDate "2002.12.07"]
[EventType "tourn (rapid)"]
[EventRounds "18"]
[EventCountry "CRO"]
[EventCategory "11"]
[SourceTitle "CBM 093"]
[Source "ChessBase"]
[SourceDate "2003.04.01"]
[SourceVersion "1"]
[SourceVersionDate "2003.04.01"]
[SourceQuality "1"]

1. Nf3 d5 2. g3 Nf6 3. Bg2 c5 4. 0-0 Nc6 5. d4 e6 6. c4 dxc4 7. Ne5 Rb8 8. Bxc6+ bxc6 9. Nxc6 Qb6 10. Nxb8 Qxb8 11. Nc3 Be7 12. Qa4+ Nd7 13. dxc5 Bxc5 14. Qxc4 h5 15. Ne4 Be7 16. Bf4 e5 17. Rac1 0-0 18. Be3 Qa8 19. Qc6 Qb8 20. Rfd1 Nf6 21. Nxf6+ Bxf6 22. Bc5 Bb7 23. Qd6 Qxd6 24. Bxd6 Rd8 25. Bc5 Rb8 26. Bxa7 Ra8 27. Be3 Rxa2 28. Ra1 Rxb2 29. Rab1 Rxb1 30. Rxb1 Ba6 31. Kf1 Kf8 32. h4 Ke7 33. Bg5 Bc8 34. f3 Bxg5 35. hxg5 Ke6 36. e4 f5 37. Rb6+ Ke7 38. exf5 Bxf5 39. Kf2 Kf7 40. Ke3 g6 41. f4 exf4+ 42. Kxf4 Kg7 43. Rb7+ Kg8 44. Ra7 Kf8 45. Ke5 Kg8 46. Kf6 Kh8 47. Rg7 Bg4 48. Rxg6 Kh7 49. Rg7+ Kh8 50. Rc7 Kg8 51. g6 Kh8 52. Kg5 Kg8 53. Kh6 Kh8 54. Re7 1-0

[Event "CRO-chTA (Women)"]
[Site "Pula"]
[Date "2002.09.16"]
[Round "?"]
[White "Roschina, Tatiana"]
[Black "Grzincic, Tihana"]
[Result "1-0"]
[WhiteElo "2283"]
[BlackElo "2093"]
[PlyCount "47"]
[EventDate "2002.09.16"]
[EventType "team"]
[EventRounds "8"]
[EventCountry "CRO"]
[SourceTitle "CBM 090 Extra"]
[Source "ChessBase"]
[SourceDate "2002.11.07"]
[SourceVersion "1"]
[SourceVersionDate "2002.11.07"]
[SourceQuality "1"]

1. e4 c5 2. Nf3 d6 3. d4 cxd4 4. Nxd4 Nf6 5. Nc3 a6 6. g3 e5 7. Nde2 Be7 8. Bg2 0-0 9. a4 b6 10. 0-0 Bb7 11. h3 Nbd7 12. g4 b5 13. Ng3 b4 14. Nd5 Nxd5 15. exd5 g6 16. Bh6 Re8 17. Qd2 a5 18. f4 Bf8 19. fxe5 Bxh6 20. Qxh6 Rxe5 21. Rae1 Qb6+ 22. Kh2 Rae8 23. Rxf7 Kxf7 24. Qxh7+ 1-0

[Event "Davos op 1st"]
[Site "Davos"]
[Date "2002.08.10"]
[Round "7"]
[White "Ramseier, Juerg"]
[Black "Roschina, Tatiana"]
[Result "0-1"]
[WhiteElo "2008"]
[BlackElo "2283"]
[PlyCount "56"]
[EventDate "2002.08.04"]
[EventType "swiss"]
[EventRounds "7"]
[EventCountry "SUI"]
[SourceTitle "CBM 089 Extra"]
[Source "ChessBase"]
[SourceDate "2002.09.10"]
[SourceVersion "2"]
[SourceVersionDate "2002.09.10"]
[SourceQuality "1"]

1. d4 d5 2. c4 dxc4 3. Nf3 Nf6 4. e3 e6 5. Nc3 c5 6. Bxc4 a6 7. a4 Nc6 8. 0-0 Be7 9. dxc5 Qc7 10. e4 Bxc5 11. Bg5 Ng4 12. Rc1 Nd4 13. g3 Nxf3+ 14. Qxf3 Ne5 15. Qd1 Nxc4 16. b4 h6 17. bxc5 hxg5 18. Nd5 exd5 19. exd5 Qxc5 20. Re1+ Kd8 21. Qf3 b5 22. Qxf7 Rf8 23. Qg6 Qxf2+ 24. Kh1 Qf6 25. Qb1 Qf3+ 26. Kg1 Qf2+ 27. Kh1 Bh3 28. Qe4 Ne3 0-1

[Event "Davos op 1st"]
[Site "Davos"]
[Date "2002.08.09"]
[Round "6"]
[White "Roschina, Tatiana"]
[Black "Lommers, Frank"]
[Result "0-1"]
[WhiteElo "2283"]
[BlackElo "2202"]
[PlyCount "67"]
[EventDate "2002.08.04"]
[EventType "swiss"]
[EventRounds "7"]
[EventCountry "SUI"]
[SourceTitle "CBM 089 Extra"]
[Source "ChessBase"]
[SourceDate "2002.09.10"]
[SourceVersion "2"]
[SourceVersionDate "2002.09.10"]
[SourceQuality "1"]

1. e4 c5 2. Nf3 d6 3. d4 cxd4 4. Nxd4 Nf6 5. Nc3 Nc6 6. Bg5 e6 7. Qd2 a6 8. 0-0-0 Bd7 9. f4 Be7 10. Nf3 b5 11. e5 b4 12. exf6 bxc3 13. Qxc3 gxf6 14. f5 e5 15. Bh6 Rc8 16. Bxa6 Nd4 17. Qb4 Rxc2+ 18. Kb1 d5 19. Qxd4 exd4 20. Kxc2 Bxf5+ 21. Bd3 Qc8+ 22. Kb1 Rg8 23. Nxd4 Bxd3+ 24. Rxd3 Rg4 25. Rc1 Qa6 26. Rdd1 Rxg2 27. Bf4 Qb7 28. b3 Qa6 29. a4 f5 30. Nb5 Kf8 31. Rxd5 Qe6 32. Nc3 Bb4 33. Be5 Bxc3 34. Rb5 0-1

[Event "Davos op 1st"]
[Site "Davos"]
[Date "2002.08.05"]
[Round "2"]
[White "Roschina, Tatiana"]
[Black "Hobuss, Wolfgang"]
[Result "1-0"]
[WhiteElo "2283"]
[BlackElo "2123"]
[PlyCount "67"]
[EventDate "2002.08.04"]
[EventType "swiss"]
[EventRounds "7"]
[EventCountry "SUI"]
[SourceTitle "CBM 089 Extra"]
[Source "ChessBase"]
[SourceDate "2002.09.10"]
[SourceVersion "2"]
[SourceVersionDate "2002.09.10"]
[SourceQuality "1"]

1. e4 c5 2. Nf3 Nc6 3. d4 cxd4 4. Nxd4 Nf6 5. Nc3 e6 6. Be3 Bb4 7. Bd3 d5 8. exd5 Nxd5 9. Nxc6 bxc6 10. Bd2 Nxc3 11. bxc3 Bd6 12. Qh5 g6 13. Qf3 Qc7 14. Bh6 Be5 15. Bc4 Bb7 16. Rb1 Rb8 17. Qh3 Bf6 18. 0-0 Ke7 19. Rfe1 Bc8 20. Rbd1 Rd8 21. Be3 h5 22. Qf3 Be5 23. Bc5+ Ke8 24. Rxd8+ Kxd8 25. g3 Ke8 26. Qd3 Rb7 27. Qd2 Qb8 28. Qh6 Bd6 29. Qh8+ Kd7 30. Bxd6 Qxd6 31. Be2 Qc7 32. Qf8 Qe5 33. Rd1+ Kc7 34. Ba6 1-0

[Event "CRO Cup (Women)"]
[Site "Pula"]
[Date "2002.??.??"]
[Round "3"]
[White "Franciskovic, Borka"]
[Black "Roschina, Tatiana"]
[Result "0-1"]
[WhiteElo "2050"]
[BlackElo "2287"]
[PlyCount "98"]
[EventDate "2002.??.??"]
[EventType "team"]
[EventRounds "3"]
[EventCountry "CRO"]
[SourceTitle "EXT 2003"]
[Source "ChessBase"]
[SourceDate "2002.11.25"]
[SourceVersion "1"]
[SourceVersionDate "2002.11.25"]
[SourceQuality "1"]

1. Nf3 d5 2. c4 dxc4 3. Qa4+ Nd7 4. Qxc4 a6 5. Qb3 e6 6. a4 b6 7. g3 Bb7 8. Bg2 Ngf6 9. 0-0 Be7 10. d4 c5 11. Rd1 Bd5 12. Qd3 cxd4 13. Nxd4 Ne5 14. Qd2 Bxg2 15. Kxg2 0-0 16. Nc3 Bb4 17. Qe3 Qc7 18. Rb1 Rfd8 19. Nf3 Neg4 20. Rxd8+ Rxd8 21. Qf4 Qc5 22. Be3 Nxe3+ 23. Qxe3 Qxe3 24. fxe3 Kf8 25. Nd4 Rc8 26. Kf3 e5 27. Nb3 Bxc3 28. bxc3 Rxc3 29. Nd2 Rc6 30. Ne4 Ke7 31. Nxf6 Kxf6 32. Rb4 Ke6 33. Ke4 Kd6 34. Kd3 Kc7 35. Ke4 a5 36. Rb2 Rc4+ 37. Kxe5 Rxa4 38. Kd5 Ra3 39. e4 Rc3 40. Kd4 Rc1 41. Ke5 Rc5+ 42. Kd4 f6 43. e3 Kc6 44. h3 b5 45. g4 b4 46. h4 h6 47. Kd3 Kb5 48. Kd2 a4 49. Kd3 b3 0-1

[Event "Zuerich op 25th"]
[Site "Zuerich"]
[Date "2001.12.28"]
[Round "4"]
[White "Allemann, Anton"]
[Black "Roschina, Tatiana"]
[Result "1-0"]
[WhiteElo "2190"]
[BlackElo "2300"]
[PlyCount "133"]
[EventDate "2001.12.26"]
[EventType "swiss"]
[EventRounds "7"]
[EventCountry "SUI"]
[SourceTitle "EXT 2003"]
[Source "ChessBase"]
[SourceDate "2002.11.25"]
[SourceVersion "1"]
[SourceVersionDate "2002.11.25"]
[SourceQuality "1"]

1. e4 c5 2. c3 Nf6 3. e5 Nd5 4. d4 cxd4 5. Nf3 Nc6 6. cxd4 d6 7. Bc4 Nb6 8. Bb5 dxe5 9. Nxe5 Bd7 10. Nxd7 Qxd7 11. Nc3 e6 12. 0-0 Be7 13. Qg4 Bf6 14. Rd1 a6 15. Bxc6 Qxc6 16. Ne4 Nd5 17. Bf4 h5 18. Qf3 Be7 19. Rac1 Qb6 20. Rd3 Rd8 21. Rb3 Qxd4 22. Rd1 Qa7 23. Nc3 Nxf4 24. Rxd8+ Bxd8 25. Rxb7 Qd4 26. Qc6+ Kf8 27. Rd7 Qb6 28. Qc8 Rh6 29. Rxd8+ Ke7 30. Qd7+ Kf6 31. Rf8 Ke5 32. Qd2 Qb7 33. Qe3+ Kf5 34. f3 e5 35. Re8 Re6 36. Rxe6 Kxe6 37. b3 Qb4 38. Ne4 Kd5 39. g3 Ne6 40. Nc3+ Kd6 41. Ne4+ Kc6 42. Kg2 Qd4 43. Qc1+ Kb7 44. Qc2 f5 45. Nd2 Nc5 46. Nc4 Nd3 47. Na5+ Kb6 48. Nc4+ Ka7 49. Qe2 f4 50. Qd2 g5 51. Nxe5 Qxe5 52. Qxd3 Qb2+ 53. Kh3 Qh8 54. Qd7+ Kb6 55. Qe6+ Kb5 56. Qf5+ Kb4 57. Qxg5 fxg3 58. hxg3 a5 59. Qe7+ Kb5 60. a4+ Kb6 61. Qe6+ Ka7 62. Qd5 Qc3 63. Qxh5 Qe1 64. Qd5 Ka6 65. f4 Kb6 66. f5 Qc3 67. Qe6+ 1-0

[Event "Zuerich op 25th"]
[Site "Zuerich"]
[Date "2001.12.27"]
[Round "3"]
[White "Roschina, Tatiana"]
[Black "Muelli, Thomas"]
[Result "1/2-1/2"]
[WhiteElo "2300"]
[BlackElo "2030"]
[PlyCount "104"]
[EventDate "2001.12.26"]
[EventType "swiss"]
[EventRounds "7"]
[EventCountry "SUI"]
[SourceTitle "EXT 2003"]
[Source "ChessBase"]
[SourceDate "2002.11.25"]
[SourceVersion "1"]
[SourceVersionDate "2002.11.25"]
[SourceQuality "1"]

1. e4 e6 2. d4 d5 3. Nd2 dxe4 4. Nxe4 Nd7 5. Nf3 Ngf6 6. Bd3 c5 7. 0-0 Be7 8. Qe2 0-0 9. dxc5 Nxc5 10. Nxc5 Bxc5 11. Bg5 Be7 12. Rad1 Qc7 13. c3 Bd7 14. Bxf6 Bxf6 15. Bxh7+ Kh8 16. Bb1 g6 17. Qd2 Bc6 18. Qh6+ Kg8 19. Ng5 Bxg5 20. Qxg5 Kg7 21. Rfe1 Rad8 22. Qg3 Rxd1 23. Rxd1 Rd8 24. Rd3 Qa5 25. h4 Rxd3 26. Qxd3 Qh5 27. g3 g5 28. Qd4+ f6 29. Be4 e5 30. Qb4 gxh4 31. Qe7+ Kg8 32. Bc2 Qg5 33. Bb3+ Kh8 34. Qd8+ Kh7 35. Bc2+ Kg7 36. Qe7+ Kg8 37. Bb3+ Kh8 38. Qf8+ Kh7 39. Bc2+ e4 40. Bxe4+ Bxe4 41. Qe7+ Kh6 42. Qxe4 hxg3 43. Qh1+ Kg6 44. Qxb7 gxf2+ 45. Kxf2 Qd2+ 46. Kg3 Qe1+ 47. Kh2 Qe5+ 48. Kg2 Qe2+ 49. Kh1 Qh5+ 50. Kg1 Qd1+ 51. Kh2 Qd6+ 52. Kh3 Qe6+ 1/2-1/2

[Event "Winterthur op 1st"]
[Site "Winterthur"]
[Date "2001.10.11"]
[Round "7"]
[White "Roschina, Tatiana"]
[Black "Steckner, Johannes"]
[Result "0-1"]
[WhiteElo "2300"]
[BlackElo "2269"]
[PlyCount "106"]
[EventDate "2001.10.05"]
[EventType "swiss"]
[EventRounds "9"]
[EventCountry "SUI"]
[SourceTitle "CBM 084 Extra"]
[Source "ChessBase"]
[SourceDate "2001.10.26"]
[SourceVersion "1"]
[SourceVersionDate "2001.10.26"]
[SourceQuality "1"]

1. e4 e6 2. d4 d5 3. Nd2 Nf6 4. e5 Nfd7 5. Bd3 c5 6. c3 Nc6 7. Ngf3 cxd4 8. cxd4 f5 9. exf6 Nxf6 10. 0-0 Bd6 11. Re1 0-0 12. b3 Bd7 13. Bb2 a5 14. Ne5 a4 15. bxa4 Nb4 16. Bb5 Bxb5 17. axb5 Bxe5 18. dxe5 Nd3 19. exf6 Nxb2 20. Qg4 Rxf6 21. Qd4 Na4 22. Nf3 Qb6 23. Rab1 Qxd4 24. Nxd4 Nc5 25. Re2 Ra4 26. Rd1 Kf7 27. Rc2 b6 28. g3 g5 29. Nc6 Ke8 30. Kg2 Kd7 31. Re2 Kd6 32. h3 Rf8 33. Rdd2 h5 34. Re1 Ne4 35. Rc2 g4 36. hxg4 hxg4 37. Rh1 Ra3 38. Nd4 Rd3 39. Nb3 Rdf3 40. Rc6+ Kd7 41. Rf1 Rxf2+ 42. Rxf2 Rxf2+ 43. Kg1 Rxa2 44. Rxb6 e5 45. Rb7+ Ke6 46. Rb6+ Kf5 47. Ra6 Rb2 48. Ra3 Nd6 49. b6 d4 50. Kf1 d3 51. Ke1 Nc4 52. b7 Ne3 53. b8Q Re2# 0-1

[Event "Winterthur op 1st"]
[Site "Winterthur"]
[Date "2001.10.06"]
[Round "2"]
[White "Bucher, Michael"]
[Black "Roschina, Tatiana"]
[Result "1/2-1/2"]
[WhiteElo "2169"]
[BlackElo "2300"]
[PlyCount "67"]
[EventDate "2001.10.05"]
[EventType "swiss"]
[EventRounds "9"]
[EventCountry "SUI"]
[SourceTitle "CBM 084 Extra"]
[Source "ChessBase"]
[SourceDate "2001.10.26"]
[SourceVersion "1"]
[SourceVersionDate "2001.10.26"]
[SourceQuality "1"]

1. d4 d5 2. Nf3 c5 3. dxc5 Qa5+ 4. c3 Qxc5 5. Bf4 Nf6 6. e3 g6 7. Be2 Bg7 8. 0-0 0-0 9. Nbd2 Nc6 10. Ne5 Qb6 11. Qc1 Bf5 12. Nxc6 bxc6 13. Be5 Ne4 14. Bxg7 Kxg7 15. c4 Rab8 16. Nxe4 Bxe4 17. b3 Qb4 18. Rd1 Rfd8 19. cxd5 cxd5 20. Rd4 Qb6 21. Qb2 Kg8 22. Rdd1 a5 23. Qe5 Qa7 24. Rac1 Rd6 25. Bd3 f6 26. Qc3 Bxd3 27. Rxd3 Qa6 28. Rd2 Kf7 29. Qd3 Qb6 30. Qd4 Qb4 31. Rc5 a4 32. Rxd5 axb3 33. axb3 Qxd4 34. R5xd4 1/2-1/2

[Event "CRO-chT (Women)"]
[Site "Pula "]
[Date "2001.09.13"]
[Round "4"]
[White "Saric, Kristina"]
[Black "Roschina, Tatiana"]
[Result "0-1"]
[WhiteElo "2066"]
[BlackElo "2322"]
[PlyCount "80"]
[EventDate "2001.09.10"]
[EventType "team"]
[EventRounds "9"]
[EventCountry "CRO"]
[SourceTitle "CBM 084 Extra"]
[Source "ChessBase"]
[SourceDate "2001.10.26"]
[SourceVersion "1"]
[SourceVersionDate "2001.10.26"]
[SourceQuality "1"]

1. e4 c5 2. Nf3 d6 3. d4 cxd4 4. Nxd4 Nf6 5. Nc3 a6 6. Be2 e5 7. Nb3 Be7 8. Be3 Qc7 9. Nd5 Nxd5 10. exd5 Bf5 11. c4 0-0 12. 0-0 Nd7 13. Qd2 Bg6 14. Na5 f5 15. f4 Bf6 16. Rac1 Nc5 17. fxe5 Bxe5 18. b4 Ne4 19. Qe1 f4 20. Bf2 Nxf2 21. Qxf2 Bb2 22. Rcd1 Ba3 23. Rd4 Bxb4 24. Nb3 f3 25. Bxf3 a5 26. Qb2 a4 27. a3 Bxa3 28. Qxa3 axb3 29. Qxb3 Qc5 30. Qe3 Ra3 31. Qf2 Bh5 32. Rd2 Qxc4 33. Qe1 Qc5+ 34. Kh1 Bxf3 35. gxf3 Raxf3 36. Rxf3 Rxf3 37. Qe6+ Rf7 38. Re2 g6 39. Kg2 Kg7 40. Qe8 Qxd5+ 0-1

[Event "CRO-chT (Women)"]
[Site "Pula "]
[Date "2001.09.10"]
[Round "1"]
[White "Roschina, Tatiana"]
[Black "Dokmanovic, Nina"]
[Result "1-0"]
[WhiteElo "2322"]
[BlackElo "2117"]
[PlyCount "73"]
[EventDate "2001.09.10"]
[EventType "team"]
[EventRounds "9"]
[EventCountry "CRO"]
[SourceTitle "CBM 084 Extra"]
[Source "ChessBase"]
[SourceDate "2001.10.26"]
[SourceVersion "1"]
[SourceVersionDate "2001.10.26"]
[SourceQuality "1"]

1. e4 e5 2. Nf3 Nc6 3. d4 exd4 4. Nxd4 Qf6 5. Nxc6 dxc6 6. Bd3 Bc5 7. 0-0 Be6 8. Nc3 Ne7 9. Na4 Bd6 10. Kh1 Qh4 11. f4 Bg4 12. Qd2 f6 13. c4 Ng6 14. c5 Be7 15. Bc4 Bd7 16. Qe3 0-0-0 17. Bd2 Rhe8 18. Bf7 Rf8 19. Bb3 Rfe8 20. Be1 Qh6 21. Bg3 Bf8 22. Rae1 Re7 23. Qc3 Ree8 24. Qa5 Kb8 25. Nc3 Qh5 26. Bd1 Bg4 27. Bxg4 Qxg4 28. b4 Rd7 29. b5 cxb5 30. c6 bxc6 31. f5 Ne5 32. Nxb5 cxb5 33. Qxb5+ Kc8 34. Rb1 Kd8 35. Qa6 Bc5 36. Rb8+ Ke7 37. Qe6+ 1-0

[Event "Biel MTO op"]
[Site "Biel"]
[Date "2001.07.25"]
[Round "3"]
[White "Roschina, Tatiana"]
[Black "Balenovic, Zvonimir"]
[Result "1-0"]
[WhiteElo "2322"]
[BlackElo "2210"]
[PlyCount "77"]
[EventDate "2001.07.23"]
[EventType "swiss"]
[EventRounds "11"]
[EventCountry "SUI"]
[SourceTitle "CBM 083 Extra"]
[Source "ChessBase"]
[SourceDate "2001.09.11"]
[SourceVersion "1"]
[SourceVersionDate "2001.09.11"]
[SourceQuality "1"]

1. e4 e6 2. d4 d5 3. Nd2 c5 4. exd5 exd5 5. Ngf3 Nc6 6. Bb5 Bd6 7. 0-0 Nge7 8. dxc5 Bxc5 9. h3 0-0 10. Nb3 Bd6 11. c3 h6 12. Be3 Bf5 13. Nbd4 Be4 14. Bd3 Re8 15. Qd2 Nxd4 16. Nxd4 a6 17. Rad1 Bc7 18. Bf4 Bxf4 19. Qxf4 Ng6 20. Qg3 Qf6 21. f3 Bxd3 22. Rxd3 Nf4 23. Rdd1 Re5 24. Rf2 Rae8 25. Rfd2 Rg5 26. Qh2 Qe5 27. Kf1 Qf6 28. g4 Rge5 29. Nf5 Qb6 30. Qxf4 Qb5+ 31. c4 Qb4 32. a3 Qb3 33. cxd5 Qb5+ 34. Kf2 Re2+ 35. Kg3 Rxd2 36. Qxd2 Re2 37. Qd4 f6 38. d6 Qd7 39. Rc1 1-0

[Event "SUI-ch (Women)"]
[Site "Scuol"]
[Date "2001.07.18"]
[Round "7"]
[White "Reust, Erika"]
[Black "Roschina, Tatiana"]
[Result "0-1"]
[WhiteElo "2031"]
[BlackElo "2322"]
[PlyCount "92"]
[EventDate "2001.07.12"]
[EventType "tourn"]
[EventRounds "9"]
[EventCountry "SUI"]
[SourceTitle "CBM 083 Extra"]
[Source "ChessBase"]
[SourceDate "2001.09.11"]
[SourceVersion "1"]
[SourceVersionDate "2001.09.11"]
[SourceQuality "1"]

1. e4 c5 2. Nf3 d6 3. d4 cxd4 4. Qxd4 a6 5. a4 Nc6 6. Qd1 Nf6 7. Nc3 g6 8. g3 Bg7 9. Bg2 0-0 10. 0-0 h6 11. h3 Be6 12. Qe2 Qa5 13. Rd1 Rfd8 14. Be3 d5 15. exd5 Nxd5 16. Nxd5 Bxd5 17. c4 Be6 18. Qc2 Qb4 19. Rxd8+ Rxd8 20. c5 Bf5 21. Qe2 Qxb2 22. Qxb2 Bxb2 23. Ra2 Bg7 24. Nh4 Be6 25. Rd2 g5 26. Nf3 Rxd2 27. Bxd2 Kf8 28. Kf1 Ke8 29. Ke1 Kd7 30. a5 Bd5 31. Kf1 Bc4+ 32. Ke1 Bb2 33. Ng1 Ba3 34. h4 f6 35. hxg5 hxg5 36. f4 g4 37. Ne2 Bxc5 38. Be4 Bd6 39. Bxc6+ bxc6 40. Nd4 Bd3 41. Nb3 c5 42. Be3 Kc6 43. Bd2 Kb5 44. Nc1 Bc4 45. Ne2 Bxe2 46. Kxe2 Bc7 0-1